| Tag |
First Indicator |
Second Indicator |
Subfields |
| LEADER |
00000cam a2200000 i 4500 |
| 001 |
in00000021915 |
| 005 |
20151007063805.0 |
| 008 |
791023s1979 pauaf b 00110 eng |
| 010 |
|
|
|a 78078390
|
| 020 |
|
|
|z 082761190
|c $14.50
|
| 035 |
|
|
|a (OCoLC)05274007
|
| 035 |
|
|
|9 AAD8256AM
|
| 040 |
|
|
|a DLC
|c DLC
|d TXA
|d UtOrBLW
|
| 043 |
|
|
|a e-uk---
|
| 049 |
|
|
|a TXAM
|c [1192273]
|
| 050 |
0 |
0 |
|a DS135.E5
|b E48
|
| 082 |
0 |
|
|a 941/.004/924
|
| 100 |
1 |
|
|a Endelman, Todd M.
|
| 245 |
1 |
4 |
|a The Jews of Georgian England, 1714-1830 :
|b tradition and change in a liberal society /
|c Todd M. Endelman.
|
| 250 |
|
|
|a 1st ed.
|
| 264 |
|
1 |
|a Philadelphia :
|b Jewish Publication Society of America,
|c [1979]
|
| 264 |
|
4 |
|c ©1979
|
| 300 |
|
|
|a xiv, 370 pages, 8 unnumbered leaves of plates :
|b illustrations ;
|c 24 cm.
|
| 336 |
|
|
|a text
|b txt
|2 rdacontent
|
| 337 |
|
|
|a unmediated
|b n
|2 rdamedia
|
| 338 |
|
|
|a volume
|b nc
|2 rdacarrier
|
| 500 |
|
|
|a Includes index.
|
| 504 |
|
|
|a Bibliography: pages [303]-319.
|
| 650 |
|
0 |
|a Jews
|z Great Britain
|x History
|y 18th century.
|
| 651 |
|
0 |
|a Great Britain
|x History
|y 1714-1837.
|
| 999 |
|
|
|a MARS
|
| 999 |
f |
f |
|s 44607fb2-5af6-3ca1-9225-f52601427486
|i e486a0c7-9b4f-3d38-acff-3de0cd8a4151
|t 0
|
| 952 |
f |
f |
|p ric
|a Texas A&M University
|b Rellis Campus
|c Joint Library Facility
|d Remote Storage
|t 0
|e DS135.E5 E48
|h Library of Congress classification
|i unmediated -- volume
|m A14802036062
|
| 998 |
f |
f |
|a DS135.E5 E48
|t 0
|l Remote Storage
|